Estilos éticos y contextos indígenas en la conquista de América / (Record no. 182812)
[ view plain ]
| 000 -LEADER | |
|---|---|
| campo de control de longitud fija | 00638nam a2200169 i 4500 |
| 001 - NÚMERO DE CONTROL | |
| campo de control | 182812 |
| 003 - IDENTIFICADOR DE NÚMERO DE CONTROL | |
| campo de control | ES-MaACL |
| 005 - FECHA Y HORA DE LA ÚLTIMA TRANSACCIÓN | |
| campo de control | 20230906221722.0 |
| 008 - DATOS DE LONGITUD FIJA--INFORMACIÓN GENERAL | |
| campo de control de longitud fija | 131106s1984 sp |||| | spa d |
| 100 0# - ENTRADA PRINCIPAL--NOMBRE DE PERSONA | |
| Nombre de persona | Esteva Fabregat, Claudio. |
| 9 (RLIN) | 48122 |
| 245 10 - MENCIÓN DEL TÍTULO | |
| Título | Estilos éticos y contextos indígenas en la conquista de América / |
| Mención de responsabilidad, etc. | Claudio Esteva-Frabegat. |
| 260 ## - PUBLICACIÓN, DISTRIBUCIÓN, ETC. | |
| Lugar de publicación, distribución, etc. | [Barcelona : |
| Nombre del editor, distribuidor, etc. | Universitat, Departament d'Antropologia Cultural, |
| Fecha de publicación, distribución, etc. | 1984?] |
| 300 ## - DESCRIPCIÓN FÍSICA | |
| Extensión | P. 7-19 ; |
| Dimensiones | 23 cm. |
| 595 ## - | |
| -- | Separata de : Comentaris d'Antropologia Cultural, num. 6. |
| 650 #4 - PUNTO DE ACCESO ADICIONAL DE MATERIA--TÉRMINO DE MATERIA | |
| Término de materia o nombre geográfico como elemento de entrada | Indios de América- |
| Subdivisión general | Identidad cultural. |
| 9 (RLIN) | 153137 |
| 852 ## - LOCALIZACIÓN | |
| Ubicación | ES-MaACL |
| Número de control de estantería | 2329-F-24 |
| Estatus retirado | Estado de pérdida | Estado de daño | No para préstamo | Colección | Biblioteca de origen | Biblioteca actual | Ubicación en estantería | Fecha de adquisición | Fuente de adquisición | Total de préstamos | Signatura topográfica completa | Código de barras | Visto por última vez | Precio de reemplazo | Tipo de ítem Koha |
|---|---|---|---|---|---|---|---|---|---|---|---|---|---|---|---|
| Colección de folletos | Biblioteca del Ateneo de Madrid | Biblioteca del Ateneo de Madrid | Depósito folletos | 06/11/2013 | 2329-F-24 | 1192128 | 23/02/2023 | 23/02/2023 | Folleto |
